[Event "Trophee de la Memoire 4th"]
[Site "Decines Charpieu"]
[Date "2018.05.10"]
[Round "3"]
[White "Ondozi, Murtez"]
[Black "Haas, Jacques"]
[Result "1-0"]
[WhiteElo "2405"]
[BlackElo "1786"]
[PlyCount "59"]
[EventDate "2018.05.10"]
[EventType "swiss (rapid)"]
[EventRounds "9"]
[EventCountry "FRA"]
[SourceTitle "EXT 2019"]
[Source "ChessBase"]
[SourceDate "2018.10.10"]
[SourceVersion "1"]
[SourceVersionDate "2018.10.10"]
[SourceQuality "1"]

1. d4 Nf6 2. Nf3 g6 3. g3 Bg7 4. Bg2 d5 5. 0-0 c6 6. h3 0-0 7. c3 Re8 8. Bf4 Nfd7 9. Nbd2 e5 10. dxe5 Nxe5 11. Nxe5 Bxe5 12. Bxe5 Rxe5 13. e4 dxe4 14. Nxe4 Qc7 15. Qd6 Qxd6 16. Nxd6 Na6 17. Rfe1 Rxe1+ 18. Rxe1 Be6 19. Nxb7 Bd5 20. Bxd5 cxd5 21. Re7 Kf8 22. Rd7 Rb8 23. Nd6 Rxb2 24. Rxf7+ Kg8 25. Rxa7 Rxa2 26. Ne8 Nb4 27. Nf6+ Kf8 28. Nxh7+ Ke8 29. Nf6+ Kd8 30. Rd7+ 1-0